000 00348 a2200133 4500
005 20250625165025.0
020 _a978-93-80836-24-9
082 _a659.132 WIN
100 _aWINTERSON D.
245 _aAdvertising and Corporate Communication
260 _aNew Delhi
_bCentrum Press
_c2010
300 _aii; 303Pages;
_bIndex
_c22cm
942 _2ddc
_n0
_cBKS
999 _c5148
_d5148